000 00543cam a22002172a 4500
001 001882
003 AR-FADEU
008 311216n1964####xxu####################dd
020 _a0-14-00.7959-9
092 _a821.912
_bS627
100 _aSkelton, Robin
245 _aPoetry of the thirties
260 _aNew York
260 _bPenguin Books
260 _c1964
300 _a301 p
440 _aPenguin modern classics
650 _aLITERATURA INGLESA-SIGLO XX; POESIA; DECADA DEL 30/REVISADO/
546 _ainglés
942 _cBDGR
999 _c7719
_d7719